Selected aspects of taxation of cigarettes in the EU member states

Miera a štruktúra zdanenia cigariet je v súčasnej dobe v EÚ veľmi diskutovanou oblasťou.Úpravami spotrebných daní uvalených na cigarety v krajinách EÚ je možné dosahovať rôzne ciele v oblasti fiškálnych a poľnohospodárskych politík štátov, spotreby cigariet, ochrany domáceho trhu a v ďalších oblasti...

Ausführliche Beschreibung

Gespeichert in:
Bibliographische Detailangaben
1. Verfasser: David, Petr
Format: Buchkapitel
Sprache:Englisch
Schlagworte:
Tags: Tag hinzufügen
Keine Tags, Fügen Sie das erste Tag hinzu!

MARC

LEADER 00000naa$a2200000$$$4500
001 0092930
005 20231129065000.9
041 0 |a eng 
044 |a CZ 
245 1 0 |a Selected aspects of taxation of cigarettes in the EU member states  |c Petr David 
520 |a Miera a štruktúra zdanenia cigariet je v súčasnej dobe v EÚ veľmi diskutovanou oblasťou.Úpravami spotrebných daní uvalených na cigarety v krajinách EÚ je možné dosahovať rôzne ciele v oblasti fiškálnych a poľnohospodárskych politík štátov, spotreby cigariet, ochrany domáceho trhu a v ďalších oblastiach.Otázkou je, či spotrebnú daň ukladať prostredníctvom špecifickej sadzby, sadzby ad valorem alebo ich kombináciou. To závisí od stanovených cieľov daňovej politiky členských krajín EÚ. 
610 2 0 |a tabak 
610 2 0 |a výrobky tabakové 
610 2 0 |a dane spotrebné 
610 2 0 |a Európska únia 
100 1 |a David, Petr